000 01025nam a2200289 i 4500
001 bg
003 KOSZ 005
005 20200630132820.0
008 070620s1966 pl a f f 000 0 pol
015 _aPB 1966/6574
040 _aWA N
_cKOSZ 005/RW
_dKOSZ 005/RW
041 1 _apol
_hrus
080 _a54(076)
100 1 _aGlinka, Nikolaj Leonidovič
_d(1882-1965).
245 1 0 _aZadania i ćwiczenia z chemii ogólnej /
_cN. Glinka ; [tł. St. Raszejowa].
246 1 _iTyt. oryg.:
_a Zadači i upražneniâ po obŝej himii.
250 _aWyd. 7.
260 _aWarszawa :
_bPaństwowe Wydawnictwo Naukowe,
_c1966.
300 _a261, [2] s. :
_bil. ;
_c23 cm.
380 _aKsiążki.
655 4 _aĆwiczenia i zadania
650 4 _aChemia
700 1 _aRaszejowa, Stanisława
_d(1892-1973)
_eTłumaczenie
710 2 _aPaństwowe Wydawnictwo Naukowe
_4pbl.
856 _uhttp://koha.tu.koszalin.pl/cgi-bin/koha/opac-detail.pl?biblionumber=10800
_yKatalog online BPK
942 _2UKD
_cKS
999 _c10800
_d10800